00621cam a22002053a 450000100060000000300060000600500170001200800410002904000150007004200070008505000070009224500860009926000290018550600300021451600200024465300380026465300420030283000290034485600420037338820PGUSA20140828083845.0120210s2012||||xxu|||||s|||||000 | eng d aPGUSAbeng adc 4aAP14aThe Strand Magazine, Vol. 27, No. 161, May 1904h[electronic resource] /cVarious bProject Gutenberg,c2012 aPublic domain in the USA. aElectronic text aEnglish literature -- Periodicals aShort stories, English -- Periodicals 0aProject Gutenbergv3882040uhttp://www.gutenberg.org/ebooks/38820